000 00527nam a2200181Ia 4500
005 20250317123457.0
008 008 250317s9999 xx 000 0 eng d
037 _aTextbook
040 _aFMSL
_beng
_cFMSL
041 _aeng
_2eng
084 _aD658(B) K8
_qFMSL
100 _aBenjanin R I
_9740396
245 0 _aControl of the information system development cycle
260 _aNY
_bNY, Wiley International
_c1968
300 _a90p
942 _cTB
_hD658(B) K8
999 _c1251423
_d1251423